00729nac a22002051u 4500010001600000020001500016082001400031090001500045100003400060245009400094250001200188260005300200300003300253500002000286650003700306650003500343942001600378999001500394952011400409 a 94043946 a013181462100a696bD127 c4104d4104 aDagostino, Frank R. 10aMechanical and electrical systems in construction and architecture /cFrank R. Dagostino. a3rd ed. aEnglewood Cliffs, N.J. :bPrentice Hall,cc1995. axv, 463 p. :bill. ;c29 cm. aIncludes index. 0aBuildingsxMechanical equipment. 0aBuildingsxElectric equipment. cBBk696D127 c4104d4104 00104070aMAINbMAINc1STd2007-08-21ePurchasel1o696 DAGp000000128r2025-07-15 00:00:00s2015-05-16yBB